Culture Générale - Série 530 - Statistiques

Statistiques générales
  • Ce quiz a été pris 214 fois
  • Le résultat moyen est 7 sur 10
Statistiques - réponses
Question Réponse % Correct
Quelle est la langue officielle de la province de Québec ? français
99%
Quel nom de légume donne-t-on à un très mauvais film ? navet
98%
Jusqu'à la rentrée de septembre 1972, quel jour de repos en semaine correspondait au mercredi actuel pour les petits écoliers français ? jeudi
96%
Dans la Genèse, quel nom porte le jardin d'où Adam et Eve sont chassés par Dieu après avoir goûté au fruit défendu ? Le jardin d'Eden
95%
En astronomie, que sont Bételgeuse et Sirius ? étoiles
85%
Dans les mots croisés, quel mot de trois lettres est synonyme de "colère" ? ire
81%
Dans quel sport l'Américain Greg LeMond est-il un grand champion ? cyclisme
66%
Avec la tête de quel animal le dieu Anubis est-il représenté dans la mythologie égyptienne ? chacal
58%
A partir de quelle racine obtient-on le tapioca ? manioc
54%
Dans un jeu de dominos classique, quel est le nom de la pièce qui ne comporte aucun point ? double-blanc
14%
Aucun quiz correspondant
Distribution des résultats
% des personnes avec chaque résultat
Percentile par nombre de réponses
Votre historique - résultats
Vous n’avez pas pris ce quiz